| 000 | 00866cam a22002654a 4500 | ||
|---|---|---|---|
| 001 | 3496 | ||
| 005 | 20240313133952.0 | ||
| 020 | _a0516238906 | ||
| 040 |
_aDLC _cDLC _dDLC _beng |
||
| 050 | 0 | 0 | _aPZ7.M478693 |
| 082 | 0 | 0 | _a813.54 |
| 100 | _aPatricia | ||
| 245 | 0 | 0 |
_aBugs ! / _cby Paticia and Fredrick McKissack ; illustrated by Mike Cressy |
| 250 | _aFirst Scholastic printing , November 2001 | ||
| 260 |
_aNew York : _bScholastic , _c2000 |
||
| 300 |
_a31 pages : _bcolor illustrations ; _c19 cm . |
||
| 490 |
_aRookie reader _vLevel B |
||
| 505 | _aC | ||
| 520 | _aSimple text and illustrations of a variety of insects introduce the numbers one through five. | ||
| 521 |
_a110
_bLexile |
||
| 521 |
_aC
_bRaz-Plus |
||
| 650 | 0 |
_aInsects _vJuvenile literature |
|
| 906 |
_a7 _bcbc _corignew _d1 _eecip _f20 _gy-gencatlg |
||
| 942 |
_2ddc _cBK _n0 |
||
| 999 |
_c3496 _d3496 |
||